Li shi jin bu yu ren di jie fang /
Saved in:
| Main Author: | |
|---|---|
| Format: | Book |
| Language: | Chinese |
| Published: |
Beijing :
Zhongguo she hui ke xue chu ban she : Xin hua shu dian jing xiao,
1996.
|
| Edition: | Di 1 ban. |
| Series: | Zhongguo she hui ke xue bo shi lun wen wen ku.
|
| Subjects: | |
| Tags: |
Add Tag
No Tags, Be the first to tag this record!
|
| LEADER | 01554cam a2200397 a 4500 | ||
|---|---|---|---|
| 001 | 007743754-3 | ||
| 005 | 20024617112054.0 | ||
| 008 | 980114s1996 cc a b 000 0 chi d | ||
| 010 | |a 98450100 /ACN | ||
| 020 | |a 7500418914 | ||
| 035 | 0 | |a ocm38013564 | |
| 040 | |a HkUST |c DLC |d MH-HY |d CStRLIN | ||
| 041 | 0 | |a chi |f eng | |
| 042 | |a lccopycat | ||
| 050 | 0 | 0 | |a BD450 |b .Y32 1996 |
| 100 | 1 | |6 880-01 |a Yang, Xia, |d 1955- | |
| 245 | 1 | 0 | |6 880-02 |a Li shi jin bu yu ren di jie fang / |c Yang Xia zhu ; dao shi Chen Xianda ; shen gao Zheng Wenlin. |
| 250 | |6 880-03 |a Di 1 ban. | ||
| 260 | |6 880-04 |a Beijing : |b Zhongguo she hui ke xue chu ban she : |b Xin hua shu dian jing xiao, |c 1996. | ||
| 300 | |a 2, 5, 381 p. : |b ill. ; |c 21 cm. | ||
| 490 | 1 | |6 880-05 |a Zhongguo she hui ke xue bo shi lun wen wen ku | |
| 500 | |a Based on the author's thesis (Ph. D.) | ||
| 546 | |a Table of contents also in English. | ||
| 504 | |a Includes bibliographical references (p. 374-376). | ||
| 650 | 0 | |a Philosophical anthropology. | |
| 650 | 0 | |a Liberty. | |
| 650 | 0 | |a Civilization |x Philosophy. | |
| 880 | 1 | |6 100-01 |a 杨霞, |d 1955- | |
| 880 | 1 | 0 | |6 245-02 |a 历史进步与人的解放 / |c 杨霞著 ; 导师陈先达 ; 审稿郑文林. |
| 880 | |6 250-03 |a 第1版. | ||
| 880 | |6 260-04 |a 北京 : |b 中国社会科学出版社 : |b 新华书店经销, |c 1996. | ||
| 880 | 1 | |6 490-05 |a 中国社会科学博士论文文库 | |
| 830 | 0 | |6 880-55 |a Zhongguo she hui ke xue bo shi lun wen wen ku. | |
| 880 | 0 | |6 830-55 |a 中国社会科学博士论文文库. | |
| 988 | |a 20021120 | ||
| 906 | |0 OCLC | ||


